| 000 | 01553cam a2200469 i 4500 | ||
|---|---|---|---|
| 001 | 3043 | ||
| 003 | KOSZ 005 | ||
| 005 | 20250804135110.0 | ||
| 008 | 250407s1986 pl a f 001 0 pol | ||
| 015 | _aUWD 1986/6264 | ||
| 020 | _a8320605822 | ||
| 035 | _a991007737989705066 | ||
| 035 | _a(PL-WaBN)b12004789-48omnis_nlop | ||
| 035 | _ab12004789 | ||
| 035 | _a(OCoLC)69505012 | ||
| 035 | _a(PL)b0000001200478 | ||
| 035 | _a(EXLNZ-48OMNIS_NETWORK)9910388214805606 | ||
| 040 |
_aWA N _cWA N _dKOSZ 005/RW |
||
| 046 | _k1986 | ||
| 080 | _a621.396 | ||
| 100 | 1 |
_aMasewicz, Tadeusz _eAutor |
|
| 245 | 1 | 0 |
_aRadioelektronika dla praktyków / _cTadeusz Masewicz. |
| 250 | _aWydanie I. | ||
| 260 |
_aWarszawa : _bWydawnictwa Komunikacji i Łączności, _c1986. |
||
| 300 |
_a624 strony, [6] kart tablic : _brysunki, wykresy ; _c24 cm. |
||
| 336 |
_aTekst _btxt _2rdacontent |
||
| 337 |
_aBez urządzenia pośredniczącego _bn _2rdamedia |
||
| 338 |
_aWolumin _bnc _2rdacarrier |
||
| 380 | _aKsiążki | ||
| 380 | _aPublikacje fachowe | ||
| 388 | 1 | _a1901-2000 | |
| 388 | 1 | _a1945-1989 | |
| 500 | _aNa stronie redakcyjnej błędny ISBN. | ||
| 504 | _aBibliografia na stronie 619. Indeks. | ||
| 650 | 7 |
_aRadiotechnika _2DBN |
|
| 655 | 7 | _aOpracowanie | |
| 658 | _aInżynieria i technika | ||
| 710 | 2 |
_aWydawnictwa Komunikacji i Łączności _4pbl |
|
| 856 |
_uhttps://koha.tu.koszalin.pl/cgi-bin/koha/opac-detail.pl?biblionumber=3043 _yKatalog online BPK |
||
| 942 |
_2UKD _cKS |
||
| 999 |
_c3043 _d3043 |
||